000 00690cam a2200217 i 4500
005 20251108172826.0
008 250721s2003 jo gr 000 0 ara d
020 _a9957433016
082 1 4 _a133.5
_bم ح م
100 1 _aكفاح، محمد
_eمعد.
245 1 0 _aبرجك إيه /
_cإعداد كفاح محمد. نسرين الخطيب.
250 _aالطبعة الاولى.
264 1 _aعمان :
_bحضارة للنشر و التوزيع،
_c2003.
300 _a95 صفحة.
650 1 7 _aالأبراج.
650 1 7 _aالتنبؤ.
650 1 7 _aالتنجيم.
700 1 _aنسرين، الخطيب.
_eمعد.
942 _2ddc
_cBK
999 _c89393
_d89393